[Event "39th Olympiad Women"]
[Site "Khanty-Mansiysk RUS"]
[Date "2010.10.03"]
[Round "11"]
[White "Smokina, Karolina"]
[Black "Guichard, Pauline"]
[Result "1/2-1/2"]
[WhiteTitle "WGM"]
[BlackTitle "WIM"]
[WhiteElo "2170"]
[BlackElo "2293"]
[Board "13.2"]
[WhiteTeam "MDA"]
[BlackTeam "FRA"]
[WhiteFideId "13900382"]
[BlackFideId "639370"]
[EventDate "2010.09.21"]
[EventType "team"]

1. d4 Nf6 2. c4 e6 3. Nc3 Bb4 4. a3 Bxc3+ 5. bxc3 c5 6. e3 Nc6 7. Bd3 O-O 8. Ne2
b6 9. O-O d6 10. e4 Ne8 11. f4 f5 12. exf5 exf5 13. Ng3 Na5 14. Re1 g6 15. Be3
Ba6 16. Bf2 Nc7 17. Nf1 Qf6 18. Ne3 Rae8 19. Be2 Kh8 20. Ra2 Qf7 21. dxc5 dxc5
22. Rd2 Re7 23. Nd5 Nxd5 24. cxd5 Bxe2 25. Rdxe2 Rxe2 26. Rxe2 Rd8 27. Bh4 Rxd5
28. Bf6+ Kg8 29. Re8+ Qxe8 30. Qxd5+ Qf7 31. Qd8+ Qf8 32. Qd5+ Qf7 33. Qd8+ 1/2-1/2

[Event "39th Olympiad Women"]
[Site "Khanty-Mansiysk RUS"]
[Date "2010.10.03"]
[Round "11"]
[White "Ursu, Ana-Maria W"]
[Black "Maisuradze, Nino"]
[Result "0-1"]
[BlackTitle "WGM"]
[WhiteElo "1905"]
[BlackElo "2273"]
[Board "13.4"]
[WhiteTeam "MDA"]
[BlackTeam "FRA"]
[WhiteFideId "13904213"]
[BlackFideId "13601717"]
[EventDate "2010.09.21"]
[EventType "team"]

1. c4 e6 2. Nc3 d5 3. d4 Be7 4. Nf3 Nf6 5. cxd5 exd5 6. Bg5 c6 7. Qc2 O-O 8. e3
Nbd7 9. Bd3 Re8 10. h3 Nf8 11. O-O Ng6 12. Rab1 a5 13. a3 Ne4 14. Bxe7 Qxe7 15.
b4 Bf5 16. Na4 axb4 17. axb4 Qf6 18. Ne1 Nh4 19. Kh2 Rxa4 20. Qxa4 Nc3 21. Qc2
Nxb1 22. Qxb1 Be4 23. Bxe4 dxe4 24. b5 Qd6+ 25. g3 Nf5 26. bxc6 bxc6 27. Ng2 h5
28. Qd1 g6 29. Nf4 h4 30. Qe2 Ra8 31. g4 Nxd4 32. exd4 Qxf4+ 33. Kg2 Re8 34. Re1
Qf3+ 35. Qxf3 exf3+ 36. Kf1 Rxe1+ 37. Kxe1 f5 38. gxf5 g5 0-1

[Event "39th Olympiad Women"]
[Site "Khanty-Mansiysk RUS"]
[Date "2010.10.03"]
[Round "11"]
[White "Vega Gutierrez, Sabrina"]
[Black "Hoang Thanh Trang"]
[Result "1/2-1/2"]
[WhiteTitle "WGM"]
[BlackTitle "GM"]
[WhiteElo "2368"]
[BlackElo "2482"]
[Board "14.1"]
[WhiteTeam "ESP"]
[BlackTeam "HUN"]
[WhiteFideId "2219026"]
[BlackFideId "12400149"]
[EventDate "2010.09.21"]
[EventType "team"]

1. e4 e6 2. d3 d5 3. Qe2 Nf6 4. Nf3 Be7 5. g3 b5 6. Bg2 dxe4 7. dxe4 b4 8. Nbd2
a5 9. Nc4 Ba6 10. Bg5 Nfd7 11. Bxe7 Qxe7 12. e5 O-O 13. Nfd2 Ra7 14. O-O Qc5 15.
Rfd1 Nc6 16. Qe3 Qxe3 17. Nxe3 Ncxe5 18. f4 Ng6 19. Nb3 c5 20. a3 a4 21. axb4
axb3 22. b5 bxc2 23. Nxc2 Nb8 24. Bf1 Ne7 25. bxa6 Nd5 26. Ra5 Rc8 27. Bc4 g6
28. Kf2 Nb6 29. Bb5 Kg7 30. Rd6 Nd5 31. Ne3 Nb4 32. Nc4 N8c6 33. Bxc6 Rxc6 34.
Rxc6 Nxc6 35. Rxc5 Rxa6 36. Ke3 Nb4 37. Kd2 Nd5 38. Ra5 Rxa5 39. Nxa5 Kf6 40.
Nc6 Kf5 41. Kd3 h5 42. Ke2 f6 43. Nd4+ Kg4 44. Nxe6 Kh3 45. f5 g5 46. Ng7 h4 47.
gxh4 gxh4 48. Kf3 Kxh2 49. Nh5 h3 50. Kf2 Nb4 51. Nxf6 Nd3+ 52. Kf1 Kg3 53. Ne4+
Kf4 54. f6 Kxe4 55. f7 h2 56. Kg2 Nf4+ 57. Kxh2 Ne6 58. Kg3 Ke5 1/2-1/2

[Event "39th Olympiad Women"]
[Site "Khanty-Mansiysk RUS"]
[Date "2010.10.03"]
[Round "11"]
[White "Madl, Ildiko"]
[Black "Calzetta Ruiz, Monica"]
[Result "1/2-1/2"]
[WhiteTitle "IM"]
[BlackTitle "WGM"]
[WhiteElo "2397"]
[BlackElo "2280"]
[Board "14.2"]
[WhiteTeam "HUN"]
[BlackTeam "ESP"]
[WhiteFideId "700550"]
[BlackFideId "2204185"]
[EventDate "2010.09.21"]
[EventType "team"]

1. e4 c5 2. Nf3 g6 3. d4 cxd4 4. Nxd4 Nc6 5. Nc3 Bg7 6. Be3 Nf6 7. Nxc6 bxc6 8.
e5 Nd5 9. Nxd5 cxd5 10. Qxd5 Rb8 11. Bc4 O-O 12. O-O Qc7 13. Bf4 Rb4 14. b3 Ba6
15. Qd2 Bxc4 16. Qxb4 Bxf1 17. Rxf1 Bxe5 18. Bxe5 Qxe5 19. Re1 Qb2 20. Qxe7 Qxc2
21. Qxd7 Qxa2 22. h4 Qxb3 23. Qxa7 1/2-1/2

[Event "39th Olympiad Women"]
[Site "Khanty-Mansiysk RUS"]
[Date "2010.10.03"]
[Round "11"]
[White "Gara, Ticia"]
[Black "Llaneza Vega, Patricia"]
[Result "1-0"]
[WhiteTitle "WGM"]
[BlackTitle "WIM"]
[WhiteElo "2348"]
[BlackElo "2207"]
[Board "14.4"]
[WhiteTeam "HUN"]
[BlackTeam "ESP"]
[WhiteFideId "717444"]
[BlackFideId "2212676"]
[EventDate "2010.09.21"]
[EventType "team"]

1. e4 c5 2. Nf3 Nc6 3. d4 cxd4 4. Nxd4 Nf6 5. Nc3 e5 6. Ndb5 d6 7. Bg5 a6 8. Na3
b5 9. Bxf6 gxf6 10. Nd5 f5 11. c3 Bg7 12. Bd3 Be6 13. Nxb5 axb5 14. Bxb5 Bd7 15.
exf5 Nb8 16. a4 Kf8 17. O-O Bxf5 18. Qf3 Bd7 19. Bxd7 Nxd7 20. Nc7 e4 21. Qxe4
Rb8 22. Nb5 Be5 23. f4 Bf6 24. Rad1 Qb6+ 25. Kh1 Nc5 26. Qd5 Nxa4 27. Nxd6 Qc7
28. Qf5 Bg7 29. Rfe1 h5 30. Qe4 Qd7 31. Nf5 Nc5 32. Rxd7 Nxe4 33. Rxe4 Bxc3 34.
Ree7 Bxb2 35. Rxf7+ Kg8 36. g3 Rf8 37. Rg7+ 1-0

[Event "39th Olympiad Women"]
[Site "Khanty-Mansiysk RUS"]
[Date "2010.10.03"]
[Round "11"]
[White "Franco Valencia, Angela Maria"]
[Black "Chumpitaz, Ann"]
[Result "0-1"]
[WhiteTitle "WFM"]
[BlackTitle "WFM"]
[WhiteElo "2148"]
[BlackElo "2150"]
[Board "15.2"]
[WhiteTeam "COL"]
[BlackTeam "PER"]
[WhiteFideId "4403070"]
[BlackFideId "3804178"]
[EventDate "2010.09.21"]
[EventType "team"]

1. e4 c5 2. Nf3 Nc6 3. d4 cxd4 4. Nxd4 e5 5. Nb5 d6 6. c4 a6 7. N5c3 Be6 8. Na3
Nf6 9. Nc2 Rc8 10. b3 Be7 11. Bd3 O-O 12. O-O b5 13. cxb5 Na7 14. Bb2 Nxb5 15.
Nxb5 axb5 16. Qe2 Qb6 17. Ba3 Ra8 18. Bb4 Rfc8 19. h3 Bd7 20. Kh2 Qb7 21. Na3
Rab8 22. Rfe1 Ne8 23. Red1 Qa6 24. Nb1 Qb7 25. Nc3 Nc7 26. Rac1 Ne6 27. Nd5 Bf8
28. Bc3 Bc6 29. Bb1 Kh8 30. g3 Nc5 31. Bb4 Ne6 32. Bc3 Nc5 33. Bb4 Na6 34. Ba3
b4 35. Bb2 Nc5 36. Qg4 Bb5 37. Qf3 Ba6 38. Qe3 Qa8 39. Qd2 Qb7 40. Qe3 Qa8 41.
Qf3 Qa7 42. Rd2 Qb7 43. Rcd1 f6 44. h4 Qf7 45. g4 Qe6 46. Qf5 Qxf5 47. exf5 h6
48. g5 hxg5 49. hxg5 fxg5 50. Rg1 Kg8 51. Rxg5 Kf7 52. f6 gxf6 53. Bg6+ Ke6 54.
Bf5+ Kf7 55. Rh5 Rd8 56. f3 Bg7 57. Rg2 Rh8 58. Bg6+ Kf8 59. Rxh8+ Bxh8 60. Bc1
Bg7 61. Bh7 Ne6 62. Nxf6 Rc8 63. Bd2 Bxf6 64. Bxb4 Ke7 65. Bf5 Rh8+ 66. Kg3 Bh4+
67. Kg4 Rg8+ 0-1

[Event "39th Olympiad Women"]
[Site "Khanty-Mansiysk RUS"]
[Date "2010.10.03"]
[Round "11"]
[White "Aliaga Fernandez, Ingrid Y"]
[Black "Salazar, Aura Cristina"]
[Result "1-0"]
[WhiteTitle "WFM"]
[BlackTitle "WFM"]
[WhiteElo "2134"]
[BlackElo "2169"]
[Board "15.3"]
[WhiteTeam "PER"]
[BlackTeam "COL"]
[WhiteFideId "3802191"]
[BlackFideId "4403312"]
[EventDate "2010.09.21"]
[EventType "team"]

1. e4 c5 2. c3 g6 3. d4 cxd4 4. cxd4 d5 5. e5 Bg7 6. Nc3 Nc6 7. Nf3 a6 8. Be3 f6
9. Be2 fxe5 10. dxe5 e6 11. O-O Nxe5 12. Bd4 Nxf3+ 13. Bxf3 Nf6 14. Na4 O-O 15.
Bb6 Qe8 16. Bc5 Bd7 17. Nb6 Rd8 18. Bxf8 Qxf8 19. Re1 Bc6 20. Qb3 Rd6 21. a4 Qd8
22. a5 Nd7 23. Nxd7 Qxd7 24. Qb4 e5 25. Bg4 Qe7 26. Rad1 Qf6 27. Bf3 Rd7 28. Qb3
Qd8 29. Rd3 Kh8 30. Red1 d4 31. Bxc6 bxc6 32. f3 Rd5 33. Qb7 c5 34. Qxa6 e4 35.
fxe4 Rh5 36. g3 Qe8 37. Qb7 c4 38. Rxd4 Bxd4+ 39. Rxd4 Rxa5 40. Rxc4 Rb5 41. Qa7
Qd8 42. Rd4 Qc8 43. Rd1 Qc5+ 44. Qxc5 Rxc5 45. Rd2 Kg7 46. Kf2 Kf6 47. Ke3 Ke6
48. h4 Rc4 49. Kf4 h6 50. b3 Rc3 51. Rb2 Kf6 52. b4 g5+ 53. hxg5+ hxg5+ 54. Kg4
Re3 55. b5 Rxe4+ 56. Kf3 Re8 57. b6 Rb8 58. b7 Kf5 59. Rb5+ Ke6 60. Kg4 Kd6 61.
Kxg5 Kc7 62. Kf6 Rf8+ 63. Ke7 Rb8 64. Rb1 Kc6 65. g4 Kc7 66. g5 1-0

[Event "39th Olympiad Women"]
[Site "Khanty-Mansiysk RUS"]
[Date "2010.10.03"]
[Round "11"]
[White "Orozco, Lina Yomayra"]
[Black "Orbezo Rosales, Ximena Lucia"]
[Result "1-0"]
[WhiteTitle "WCM"]
[WhiteElo "2154"]
[BlackElo "1836"]
[Board "15.4"]
[WhiteTeam "COL"]
[BlackTeam "PER"]
[WhiteFideId "4402340"]
[BlackFideId "3807410"]
[EventDate "2010.09.21"]
[EventType "team"]

1. e4 e5 2. Nf3 Nc6 3. Bb5 a6 4. Ba4 Nf6 5. O-O b5 6. Bb3 Be7 7. Re1 d6 8. c3
O-O 9. h3 Na5 10. Bc2 c5 11. d4 cxd4 12. cxd4 Bb7 13. b3 Rc8 14. Bb2 Qc7 15. Bd3
d5 16. exd5 exd4 17. Nbd2 Bd6 18. Bxd4 Nxd5 19. Ng5 h6 20. Qh5 Bh2+ 21. Kh1 f5
22. Ne6 Nf4 23. Nxc7 Nxh5 24. Ne6 Bf4 25. Nxf8 Bxd2 26. Red1 Bb4 27. Ne6 Bd5 28.
Bxf5 Re8 29. Nc7 Rd8 30. Nxd5 1-0

[Event "39th Olympiad Women"]
[Site "Khanty-Mansiysk RUS"]
[Date "2010.10.03"]
[Round "11"]
[White "Fierro Baquero, Martha L."]
[Black "Pourkashiyan, Atousa"]
[Result "0-1"]
[WhiteTitle "IM"]
[BlackTitle "WGM"]
[WhiteElo "2368"]
[BlackElo "2322"]
[Board "16.1"]
[WhiteTeam "ECU"]
[BlackTeam "IRI"]
[WhiteFideId "3600270"]
[BlackFideId "12502014"]
[EventDate "2010.09.21"]
[EventType "team"]

1. e4 e5 2. Nf3 Nf6 3. Nxe5 d6 4. Nf3 Nxe4 5. d4 d5 6. Bd3 Be7 7. O-O Nc6 8. Re1
Bg4 9. c4 Nf6 10. Nc3 Bxf3 11. Qxf3 Nxd4 12. Qd1 Ne6 13. Bf5 c6 14. cxd5 Nxd5
15. Qg4 O-O 16. Nxd5 cxd5 17. Bxe6 fxe6 18. Qxe6+ Rf7 19. Be3 Bf6 20. Red1 d4
21. Rac1 Qd7 22. Qb3 Rf8 23. Rc2 Kh8 24. Bf4 Qg4 25. Rc7 Rxc7 26. Bxc7 Qe2 27.
Bg3 h5 28. h4 Rd8 29. Rd3 Rc8 30. Kh2 b6 31. Rf3 Qc4 32. Qd1 Qc2 33. Qf1 Qxb2
34. Qa6 Rc1 35. Rf5 Rh1+ 36. Kxh1 Qb1+ 37. Kh2 Qxf5 38. Qxa7 d3 39. Qb8+ Kh7 40.
Qd6 Bc3 41. a4 d2 42. f3 Bb4 0-1

[Event "39th Olympiad Women"]
[Site "Khanty-Mansiysk RUS"]
[Date "2010.10.03"]
[Round "11"]
[White "Paridar, Shadi"]
[Black "Vasquez Ramirez, Rocio"]
[Result "1-0"]
[WhiteTitle "WGM"]
[BlackTitle "WIM"]
[WhiteElo "2242"]
[BlackElo "2227"]
[Board "16.2"]
[WhiteTeam "IRI"]
[BlackTeam "ECU"]
[WhiteFideId "12500666"]
[BlackFideId "3600750"]
[EventDate "2010.09.21"]
[EventType "team"]

1. e4 c5 2. c3 e6 3. d4 d5 4. exd5 Qxd5 5. Nf3 Nc6 6. Na3 Bd7 7. Be3 cxd4 8. Nb5
Rc8 9. Nbxd4 a6 10. Qb3 Qxb3 11. Nxb3 Nf6 12. Nc5 Nd5 13. Nxd7 Kxd7 14. Rd1 Bd6
15. Bc1 Ke7 16. g3 Rhd8 17. Bg2 b5 18. O-O Kf8 19. Ng5 Nf6 20. Be3 Rd7 21. Rxd6
Rxd6 22. Bc5 Ne8 23. Ne4 Ke7 24. Nxd6 1-0

[Event "39th Olympiad Women"]
[Site "Khanty-Mansiysk RUS"]
[Date "2010.10.03"]
[Round "11"]
[White "Moncayo Romero, Evelyn"]
[Black "Ghader Pour, Shayesteh"]
[Result "1-0"]
[WhiteTitle "WIM"]
[BlackTitle "WIM"]
[WhiteElo "2127"]
[BlackElo "2206"]
[Board "16.3"]
[WhiteTeam "ECU"]
[BlackTeam "IRI"]
[WhiteFideId "3600424"]
[BlackFideId "12500747"]
[EventDate "2010.09.21"]
[EventType "team"]

1. e4 c5 2. Nf3 e6 3. d4 cxd4 4. Nxd4 a6 5. Bd3 Nf6 6. O-O Qc7 7. Qe2 d6 8. c4
g6 9. Nc3 Bg7 10. Be3 O-O 11. Rac1 Nc6 12. Nxc6 bxc6 13. c5 d5 14. Bg5 dxe4 15.
Nxe4 Nxe4 16. Bxe4 h6 17. Bd2 e5 18. Qf3 Bd7 19. Qa3 Be6 20. Ba5 Qb7 21. Bb6 f5
22. Bc2 Qf7 23. Rfd1 e4 24. Rd6 Bd5 25. Rd1 Rae8 26. Ba4 f4 27. Bxc6 Bxc6 28.
Rxc6 e3 29. Qd3 Qf5 30. Qxf5 Rxf5 31. Rxg6 e2 32. Re1 Kf7 33. Rd6 Bxb2 34. Rd7+
Kf8 35. Ba5 Rxc5 36. Bb4 Kg8 37. Bxc5 Bc3 38. Rdd1 exd1=Q 39. Rxd1 Re2 40. a3 a5
41. Kf1 Re4 42. Rc1 Bf6 43. f3 Re6 44. Rc4 Bg5 45. Ra4 Bh4 46. g3 Rc6 47. gxh4
Rxc5 48. Rxf4 Kg7 49. Kf2 Kg6 50. Kg3 Rc3 51. h5+ Kg7 52. Rg4+ Kh7 53. a4 Ra3
54. h4 Kh8 55. Rc4 Kg7 56. Kg4 Rb3 57. f4 Rb4 58. Rc7+ Kg8 59. Kf5 Rxa4 60. Ra7
Kf8 61. Rh7 Ra1 62. Rxh6 a4 63. Ra6 Kg7 64. h6+ Kh7 65. Kg5 Rg1+ 66. Kh5 Ra1 67.
Ra7+ Kh8 68. h7 Rb1 69. f5 a3 70. Kg6 Rb8 71. Rxa3 Rc8 72. f6 Rf8 73. f7 Rb8 74.
Rf3 1-0

[Event "39th Olympiad Women"]
[Site "Khanty-Mansiysk RUS"]
[Date "2010.10.03"]
[Round "11"]
[White "Sukandar, Irine Kharisma"]
[Black "Daulyte, Deimante"]
[Result "1-0"]
[WhiteTitle "WGM"]
[BlackTitle "WGM"]
[WhiteElo "2372"]
[BlackElo "2307"]
[Board "17.1"]
[WhiteTeam "INA"]
[BlackTeam "LTU"]
[WhiteFideId "7101937"]
[BlackFideId "12802859"]
[EventDate "2010.09.21"]
[EventType "team"]

1. e4 c5 2. Nf3 d6 3. d4 cxd4 4. Nxd4 Nf6 5. Nc3 g6 6. Be3 Bg7 7. f3 O-O 8. Qd2
Nc6 9. O-O-O d5 10. exd5 Nxd5 11. Nxc6 bxc6 12. Bd4 Bxd4 13. Qxd4 Qb6 14. Na4
Qa5 15. b3 Qc7 16. Bc4 e5 17. Qc5 Nb6 18. Nc3 Nxc4 19. Qxc4 Be6 20. Qc5 Rfd8 21.
Ne4 Kg7 22. Nd6 f6 23. f4 Qb6 24. Qc3 Qf2 25. Rhf1 Qxg2 26. fxe5 f5 27. h4 Kg8
28. Kb1 Qg4 29. Rd4 Qg2 30. Qe1 c5 31. Rd2 Qg4 32. Rg1 Qf3 33. Rg3 Qh5 34. Rg5
Qh6 35. Rdg2 Kh8 36. h5 gxh5 37. Qe3 Qf8 38. Rxh5 c4 39. Qh3 Rd7 40. Rh6 Re7 41.
Rf6 1-0

[Event "39th Olympiad Women"]
[Site "Khanty-Mansiysk RUS"]
[Date "2010.10.03"]
[Round "11"]
[White "Dewi, Aa Citra"]
[Black "Sarakauskiene, Zivile"]
[Result "0-1"]
[WhiteTitle "WFM"]
[BlackTitle "WIM"]
[WhiteElo "1987"]
[BlackElo "2171"]
[Board "17.3"]
[WhiteTeam "INA"]
[BlackTeam "LTU"]
[WhiteFideId "7101244"]
[BlackFideId "12800864"]
[EventDate "2010.09.21"]
[EventType "team"]

1. e4 c5 2. Nf3 e6 3. b3 Nc6 4. Bb2 a6 5. c4 d6 6. Nc3 e5 7. d3 Be7 8. Be2 f5 9.
exf5 Bxf5 10. Nd5 Nf6 11. Ne3 Bd7 12. O-O O-O 13. h3 Ne8 14. Nh2 Nd4 15. Bg4 Bc6
16. Nc2 Nxc2 17. Qxc2 Nc7 18. Rae1 Bg5 19. Nf3 Bh6 20. Nd2 g6 21. Ne4 Bg7 22.
Bc1 Bxe4 23. Rxe4 h5 24. Bf3 Ne6 25. Re3 Nd4 26. Bd5+ Kh7 27. Qd1 Bh6 28. Be4
Qh4 29. Ree1 Bxc1 30. Qxc1 Ra7 31. Qd2 b6 32. Re3 Raf7 33. Bd5 Rg7 34. Rg3 Qf4
35. Qd1 Kh6 36. Be4 g5 37. h4 g4 38. Re3 Nf3+ 39. Bxf3 gxf3 40. Rxf3 Qxf3 41.
Qc1+ Kh7 42. g3 Rf4 43. Qd1 Rxg3+ 0-1

[Event "39th Olympiad Women"]
[Site "Khanty-Mansiysk RUS"]
[Date "2010.10.03"]
[Round "11"]
[White "Kalvyte, Vesta"]
[Black "Medina, Warda Aulia"]
[Result "1/2-1/2"]
[BlackTitle "WFM"]
[WhiteElo "2097"]
[BlackElo "2011"]
[Board "17.4"]
[WhiteTeam "LTU"]
[BlackTeam "INA"]
[WhiteFideId "12802310"]
[BlackFideId "7101570"]
[EventDate "2010.09.21"]
[EventType "team"]

1. e4 e6 2. d4 d5 3. Nc3 Nf6 4. Bg5 dxe4 5. Nxe4 Be7 6. Bxf6 Bxf6 7. Nf3 b6 8.
Bb5+ c6 9. Bc4 Bb7 10. Qe2 O-O 11. O-O-O a5 12. Ne5 a4 13. Qf3 a3 14. Nxf6+ Qxf6
15. Qxf6 axb2+ 16. Kxb2 gxf6 17. Ng4 Nd7 18. Rd3 f5 19. Ne5 Rfd8 20. Rhd1 Kf8
21. Nxd7+ Rxd7 22. Rh3 Ra4 23. Bb3 Raxd4 24. Rxd4 Rxd4 25. Rxh7 Kg8 26. Rh3 Rg4
27. Rd3 c5 28. Rd8+ Kg7 29. Rd7 Bc6 30. Rc7 Bd5 31. Bxd5 exd5 32. g3 Rb4+ 33.
Kc3 d4+ 34. Kd3 Rb2 35. a4 Ra2 36. Rc6 Ra3+ 37. Kd2 Rxa4 38. Rxb6 Ra3 39. Rc6
Rc3 40. h4 Rf3 41. Rxc5 Rxf2+ 42. Kd3 Rf3+ 43. Kxd4 Rxg3 44. Rxf5 Rg4+ 45. Kd5
Rxh4 46. c4 Kg6 47. Rf1 f5 48. c5 f4 49. c6 Kf5 50. c7 Rh8 51. Kd6 Kg4 52. Kd7
f3 53. c8=Q Rxc8 54. Kxc8 Kg3 55. Rxf3+ 1/2-1/2

[Event "39th Olympiad Women"]
[Site "Khanty-Mansiysk RUS"]
[Date "2010.10.03"]
[Round "11"]
[White "Houska, Jovanka"]
[Black "Caoili, Arianne"]
[Result "1-0"]
[WhiteTitle "IM"]
[BlackTitle "WIM"]
[WhiteElo "2426"]
[BlackElo "2243"]
[Board "18.1"]
[WhiteTeam "ENG"]
[BlackTeam "AUS"]
[WhiteFideId "405094"]
[BlackFideId "5201179"]
[EventDate "2010.09.21"]
[EventType "team"]

1. d4 Nf6 2. Nf3 e6 3. c4 c5 4. d5 b5 5. Bg5 exd5 6. cxd5 h6 7. Bxf6 Qxf6 8. Qc2
d6 9. e4 a6 10. a4 b4 11. h3 Nd7 12. Nbd2 g6 13. a5 Bg7 14. Nc4 O-O 15. Bd3 Re8
16. O-O g5 17. Nfd2 Ne5 18. Nxe5 Qxe5 19. Nc4 Qf4 20. Rae1 Bd4 21. Ne3 Be5 22.
g3 Qf6 23. f4 gxf4 24. gxf4 Bxf4 25. Qf2 Qg6+ 26. Kh1 Bg3 27. Qf3 h5 28. Rg1 h4
29. Nf1 Bxe1 30. Rxg6+ fxg6 31. Qf6 Ra7 32. Qxg6+ Kf8 33. Qxd6+ Kg8 34. Qg6+ Kf8
35. e5 Bxh3 36. Qd6+ Kg8 37. Qg6+ Kf8 38. e6 Rg7 39. Qh6 Bg2+ 40. Kh2 Bxd5 41.
Qh8+ Ke7 42. Qxg7+ Kxe6 43. Ne3 Bg3+ 44. Kg1 Kd6 45. Nxd5 Re1+ 46. Kg2 Kxd5 47.
Bxa6 Be5 48. Qd7+ Ke4 49. Qd3+ Kf4 50. Qd2+ Re3 51. Qf2+ Ke4 52. Qxh4+ Kd5 53.
Bb7+ Kd6 54. Qh6+ 1-0

[Event "39th Olympiad Women"]
[Site "Khanty-Mansiysk RUS"]
[Date "2010.10.03"]
[Round "11"]
[White "Nguyen, Thu Giang"]
[Black "Grigoryan, Meri"]
[Result "1-0"]
[BlackTitle "WFM"]
[WhiteElo "2108"]
[BlackElo "2099"]
[Board "18.2"]
[WhiteTeam "AUS"]
[BlackTeam "ENG"]
[WhiteFideId "12400980"]
[BlackFideId "13300571"]
[EventDate "2010.09.21"]
[EventType "team"]

1. e4 d5 2. exd5 Nf6 3. Nc3 Nxd5 4. Bc4 Nb6 5. Bb3 Nc6 6. Qf3 e6 7. Nge2 a5 8.
a3 a4 9. Ba2 Ra5 10. d3 Rf5 11. Qh3 Bc5 12. O-O e5 13. Qg3 Kf8 14. Ne4 Be7 15.
f4 h5 16. fxe5 h4 17. Qe1 Nxe5 18. d4 Nec4 19. Bf4 Qd5 20. N4c3 Qc6 21. Rb1 h3
22. Qg3 Bh4 23. Qf3 hxg2 24. Qxg2 Qe8 25. Qe4 Be6 26. d5 Nxd5 27. Bxc4 Nf6 28.
Qd3 Qc6 29. Bxe6 fxe6 30. Nd4 Qb6 31. Qe3 Rxf4 1-0

[Event "39th Olympiad Women"]
[Site "Khanty-Mansiysk RUS"]
[Date "2010.10.03"]
[Round "11"]
[White "Bhatia, Kanwal K"]
[Black "Guo, Emma"]
[Result "1-0"]
[BlackTitle "WFM"]
[WhiteElo "2072"]
[BlackElo "1964"]
[Board "18.3"]
[WhiteTeam "ENG"]
[BlackTeam "AUS"]
[WhiteFideId "407496"]
[BlackFideId "3200795"]
[EventDate "2010.09.21"]
[EventType "team"]

1. e4 e5 2. Nf3 Nc6 3. Bc4 Nf6 4. Ng5 d5 5. exd5 Na5 6. Bb5+ c6 7. dxc6 bxc6 8.
Bd3 Bc5 9. O-O O-O 10. Nc3 h6 11. Nge4 Nxe4 12. Nxe4 Bb6 13. b4 Nb7 14. Bb2 Bc7
15. Qf3 Be6 16. Ng3 Qd7 17. Rae1 Rfe8 18. Qe4 g6 19. Qh4 h5 20. Ne4 Qe7 21. Nf6+
Kf8 22. Qg5 Qxb4 23. Bxe5 Bxe5 24. Rxe5 Qe7 25. Qh6# 1-0

[Event "39th Olympiad Women"]
[Site "Khanty-Mansiysk RUS"]
[Date "2010.10.03"]
[Round "11"]
[White "Klinova, Masha"]
[Black "Kulovana, Eva"]
[Result "0-1"]
[WhiteTitle "IM"]
[BlackTitle "WGM"]
[WhiteElo "2303"]
[BlackElo "2359"]
[Board "19.1"]
[WhiteTeam "ISR"]
[BlackTeam "CZE"]
[WhiteFideId "2802015"]
[BlackFideId "318779"]
[EventDate "2010.09.21"]
[EventType "team"]

1. e4 c6 2. d4 d5 3. e5 Bf5 4. Nf3 e6 5. Be2 c5 6. c4 dxc4 7. Nc3 Nc6 8. Be3
cxd4 9. Bxd4 Nge7 10. Bxc4 Bg4 11. Nb5 Nf5 12. Bc3 a6 13. Nd6+ Bxd6 14. exd6
Qxd6 15. Be2 O-O 16. O-O Rfd8 17. h3 Bxf3 18. Bxf3 Nfd4 19. Be4 f5 20. Bxc6 bxc6
21. Bxd4 Qxd4 22. Qe2 Qf6 23. Rac1 Rd6 24. Rc5 Rad8 25. Qxa6 Qxb2 26. Rxc6 Rxc6
27. Qxc6 Qxa2 28. Re1 e5 29. Qc7 Re8 30. Rd1 e4 31. Rd8 Qe6 32. Rxe8+ Qxe8 33.
Qc4+ Kh8 34. Qd4 h6 35. Qd5 Qf8 36. Qe5 Qf7 37. Kh2 Kh7 38. g4 g6 39. gxf5 gxf5
40. Qf4 Qe6 41. Qc7+ Kg6 42. Kg2 Kg5 43. Qg3+ Kh5 44. Qc7 Qg6+ 45. Kh2 Qg5 46.
Qd6 f4 47. Qe6 e3 48. fxe3 Qg3+ 49. Kh1 Qf3+ 50. Kh2 Qg3+ 51. Kh1 fxe3 52. Qe8+
Kg5 53. Qe7+ Kf4 54. Qf6+ Ke4 55. Qe6+ Kf3 56. Qf5+ Ke2 57. Qc2+ Kf1 58. Qf5+
Ke1 59. Qb1+ Kf2 60. Qc2+ e2 61. Qc5+ Kf1 0-1

[Event "39th Olympiad Women"]
[Site "Khanty-Mansiysk RUS"]
[Date "2010.10.03"]
[Round "11"]
[White "Nemcova, Katerina"]
[Black "Igla, Bella"]
[Result "0-1"]
[WhiteTitle "WGM"]
[BlackTitle "WGM"]
[WhiteElo "2283"]
[BlackElo "2271"]
[Board "19.2"]
[WhiteTeam "CZE"]
[BlackTeam "ISR"]
[WhiteFideId "322750"]
[BlackFideId "2806819"]
[EventDate "2010.09.21"]
[EventType "team"]

1. e4 c5 2. Nf3 Nc6 3. d4 cxd4 4. Nxd4 g6 5. c4 Bg7 6. Be3 Nf6 7. Nc3 O-O 8. Be2
b6 9. O-O Bb7 10. f3 e6 11. Rc1 d5 12. cxd5 exd5 13. Nxc6 Bxc6 14. e5 Ne8 15. f4
f6 16. Bd4 fxe5 17. fxe5 Rxf1+ 18. Qxf1 Nc7 19. Bb5 Bb7 20. Rd1 Qe7 21. Qe2 Rf8
22. Ba4 Ne6 23. Bb3 Nxd4 24. Rxd4 Qc5 25. Qe4 Rf5 26. Nxd5 Kh8 27. Qh4 Bxe5 0-1

[Event "39th Olympiad Women"]
[Site "Khanty-Mansiysk RUS"]
[Date "2010.10.03"]
[Round "11"]
[White "Vasiliev, Olga"]
[Black "Havlikova, Kristyna"]
[Result "1-0"]
[WhiteTitle "WIM"]
[BlackTitle "WIM"]
[WhiteElo "2293"]
[BlackElo "2318"]
[Board "19.3"]
[WhiteTeam "ISR"]
[BlackTeam "CZE"]
[WhiteFideId "2807602"]
[BlackFideId "309672"]
[EventDate "2010.09.21"]
[EventType "team"]

1. e4 c5 2. Nf3 Nc6 3. d4 cxd4 4. Nxd4 g6 5. Nc3 Bg7 6. Nf3 d6 7. Bc4 Nf6 8. O-O
O-O 9. h3 a6 10. Re1 b5 11. Bb3 Bb7 12. Nd5 Nxd5 13. exd5 Ne5 14. Nd4 Rc8 15.
Bg5 Re8 16. c3 Nc4 17. Bxc4 Rxc4 18. Nc2 h6 19. Bd2 Qa8 20. Ne3 Re4 21. a4 b4
22. c4 a5 23. Qc2 f5 24. Ng4 Rxe1+ 25. Rxe1 Kh7 26. Nh2 e6 27. Rxe6 Rxe6 28.
dxe6 Bxg2 29. Qd3 Bxb2 30. f3 Bxh3 31. Qxd6 Qa7+ 32. c5 Bg7 33. e7 1-0